书目信息 |
| 题名: |
有机分子结构波谱解析
|
|
| 作者: | 朱淮武 编 | |
| 分册: | ||
| 出版信息: | 北京 化学工业出版社 2005.09 |
|
| 页数: | 312页 | |
| 开本: | 26cm | |
| 丛书名: | ||
| 单 册: | ||
| 中图分类: | O656 | |
| 科图分类: | ||
| 主题词: | 有机化合物--分子结构--波谱分析--You Ji Hua He Wu--分子结构--波谱分析 | |
| 电子资源: | ||
| ISBN: | 7-5025-7562-6 | |
| 000 | 00695nam0 2200229 4500 | |
| 001 | CAL 012005109404 | |
| 005 | 20061018105607.29 | |
| 010 | @a7-5025-7562-6@dCNY 39.00 | |
| 099 | @aCAL 012005109404 | |
| 100 | @a20051010d2005 ekmy0chiy0121 ea | |
| 101 | 0 | @achi |
| 102 | @aCN@b110000 | |
| 105 | @aak a 000yy | |
| 200 | 1 | @a有机分子结构波谱解析@AYou Ji Fen Zi Jie Gou Bo Pu Jie Xi@f朱淮武编 |
| 210 | @a北京@c化学工业出版社@d2005.09 | |
| 215 | @a312页@c图@d26cm | |
| 320 | @a有书目 (第244页) | |
| 606 | 0 | @a有机化合物@x分子结构@x波谱分析@AYou Ji Hua He Wu@x分子结构@x波谱分析 |
| 690 | @aO656@v4 | |
| 701 | 0 | @a朱淮武@AZhu Huai Wu@4编 |
| 801 | @aCN@c20061018 | |
| 905 | @a10447@dO656@eZ847 | |
| 有机分子结构波谱解析/朱淮武编.-北京:化学工业出版社,2005.09 |
| 312页:图;26cm |
| ISBN 7-5025-7562-6:CNY 39.00 |
| ● |
| 相关链接 |
|
|
|
正题名:有机分子结构波谱解析
索取号:O656/Z847
 
预约/预借
| 序号 | 登录号 | 条形码 | 馆藏地/架位号 | 状态 | 备注 |
| 1 | 222417 | 202224173 | 自科库401/401自科库 63排4列2层/ [索取号:O656/Z847] | 在馆 | |
| 2 | 222418 | 202224182 | 自科库401/401自科库 63排4列2层/ [索取号:O656/Z847] | 在馆 | |
| 3 | 222419 | 202224191 | 自科库401/401自科库 63排4列2层/ [索取号:O656/Z847] | 在馆 | |
| 4 | 608243 | 206082433 | 自科库401/401自科库 95排1列2层/ [索取号:O656/Z847] | 在馆 | |
| 5 | 608244 | 206082442 | 自科库401/401自科库 95排1列2层/ [索取号:O656/Z847] | 在馆 | |
| 6 | 608245 | 206082451 | 自科库401/401自科库 95排1列2层/ [索取号:O656/Z847] | 在馆 |